Catálogo
 En Linea

The khaki Mafia; : (Registro nro. 19447)

Detalles MARC
000 -CABECERA
campo de control de longitud fija 00606cam a2200205 4500
001 - NÚMERO DE CONTROL
campo de control 000019934
003 - IDENTIFICADOR DEL NÚMERO DE CONTROL
campo de control DO-SdBNP
005 - FECHA Y HORA DE LA ÚLTIMA TRANSACCIÓN
campo de control 20250702101504.0
008 - DATOS DE LONGITUD FIJA--INFORMACIÓN GENERAL
campo de control de longitud fija 711210s1971 nyu 000 1 eng
010 ## - NÚMERO DE CONTROL DE LA BIBLIOTECA DEL CONGRESO
Número de control de LC 79168317
040 ## - FUENTE DE LA CATALOGACIÓN
Centro catalogador/agencia de origen DO-SdBNP
Lengua de catalogación spa
Centro/agencia transcriptor BNPHU
100 1# - ENTRADA PRINCIPAL--NOMBRE DE PERSONA
Nombre de persona Moore, Robin,
Fechas asociadas al nombre 1925-2008.
9 (RLIN) 42509
245 14 - MENCIÓN DE TÍTULO
Título The khaki Mafia; :
Resto del título a novel, /
Mención de responsabilidad, etc. by Robin Moore and June Collins.
260 ## - PUBLICACIÓN, DISTRIBUCIÓN, ETC.
Lugar de publicación, distribución, etc. New York, :
Nombre del editor, distribuidor, etc. Crown Publishers,
Fecha de publicación, distribución, etc. [1971].
300 ## - DESCRIPCIÓN FÍSICA
Extensión 284 p. ;
Dimensiones 24 cm.
350 ## - PRECIO (NR) (BK AM CF MU VM SE) [OBSOLETO]
Precio $5.95
700 1# - PUNTO DE ACCESO ADICIONAL--NOMBRE DE PERSONA
Nombre de persona Collins, June,
Término indicativo de función/relación joint author.
9 (RLIN) 42511
910 ## - DATOS DE OPCIÓN DEL USUARIO (OCLC)
Datos de opción del usuario Catalogación derivada / LC
942 ## - ELEMENTOS DE PUNTO DE ACCESO ADICIONAL (KOHA)
Fuente del sistema de clasificación o colocación Dewey Decimal Classification
Tipo de ítem Koha Libro
Existencias
Estado de retiro Estado de pérdida Restricciones de uso No para préstamo Código de colección Localización permanente Ubicación/localización actual Ubicación en estantería Fecha de adquisición Número de inventario Total de préstamos Signatura topográfica completa Código de barras Fecha visto por última vez Precio válido a partir de Tipo de ítem Koha
      Excluido de préstamo Monografías: Libros y Folletos General General En catalogación 09.07.2010 LF1   813/.5/4 19934-10 25.06.2020 25.06.2020 No se presta

Con tecnología Koha